WHEN WORDS LOSE THEIR MEANING (Record no. 1719)
[ view plain ]
| 000 -LEADER | |
|---|---|
| fixed length control field | 00648nam a22001937a 4500 |
| 003 - CONTROL NUMBER IDENTIFIER | |
| control field | OSt |
| 005 - DATE AND TIME OF LATEST TRANSACTION | |
| control field | 20241128175029.0 |
| 008 - FIXED-LENGTH DATA ELEMENTS--GENERAL INFORMATION | |
| fixed length control field | 241128b |||||||| |||| 00| 0 eng d |
| 020 ## - INTERNATIONAL STANDARD BOOK NUMBER | |
| International Standard Book Number | 0226895025 |
| 040 ## - CATALOGING SOURCE | |
| Language of cataloging | ENGLISH |
| Transcribing agency | CENTRAL UNIVERSITY |
| 050 ## - LIBRARY OF CONGRESS CALL NUMBER | |
| Classification number | P106 WHI |
| 100 ## - MAIN ENTRY--PERSONAL NAME | |
| Personal name | WHITE, JAMES BOYD |
| 245 ## - TITLE STATEMENT | |
| Title | WHEN WORDS LOSE THEIR MEANING |
| Remainder of title | CONSTITUTIONS AND RECONSTITUTIONS OF LANGUAGE, CHARACTER, AND COMMUNITY |
| 260 ## - PUBLICATION, DISTRIBUTION, ETC. | |
| Place of publication, distribution, etc. | CHICAGO |
| Name of publisher, distributor, etc. | UNIVERSITY OF CHICAGO PRESS |
| Date of publication, distribution, etc. | 1984 |
| 500 ## - GENERAL NOTE | |
| General note | xvi, 377pages, bibliography and index |
| 600 ## - SUBJECT ADDED ENTRY--PERSONAL NAME | |
| Source of heading or term | language and languages, criticism |
| 700 ## - ADDED ENTRY--PERSONAL NAME | |
| Personal name | WHITE, JAMES BOYD |
| 942 ## - ADDED ENTRY ELEMENTS (KOHA) | |
| Source of classification or shelving scheme | Library of Congress Classification |
| Koha item type | Books |
| Classification part | P 106 WHI |
| Suppress in OPAC | No |
| Withdrawn status | Lost status | Source of classification or shelving scheme | Damaged status | Not for loan | Collection | Home library | Current library | Shelving location | Date acquired | Total checkouts | Full call number | Barcode | Date last seen | Copy number | Price effective from | Koha item type |
|---|---|---|---|---|---|---|---|---|---|---|---|---|---|---|---|---|
| Library of Congress Classification | Non-fiction | Graduate Library (Christ Temple) | Graduate Library (Christ Temple) | General stacks | 11/28/2024 | P 106 WHI | gsct00000160 | 11/28/2024 | 1 | 11/28/2024 | Books |